Obálka Náhled e-knihy:
Epub
Pro půjčování e-knih musíte být přihlášeni.
Jak si půjčit online?

Kavárna ve Vídni. Falešné pozlátko /

V dalším pokračování rodinné ságy ze secesní Vídně se hlavní hrdinka Žofie stane dvorní dámou císařovny Sisi, bude muset přihlížet svatbě své lásky a sama pak prchá před sňatkem do kavárny svého strýce.

Uloženo v:
Série:Kavárna ve Vídni, část 2
Hlavní autor: Lacrosse, Marie, 1959- (Autor)
Další autoři: Řežábek, Rudolf, 1944- (Autor)
Médium: E-kniha
Jazyk:Czech
Vydáno: Praha : Ikar, 2023
Vydání:Vydání první
Témata:
On-line přístup:Plný text - pro registrované uživatele NK ČR
Příbuzné jednotky:Z cyklu:: Kavárna ve Vídni
Tagy:
Žádné tagy
LEADER 02759nam a2200457 i 4500
001 311933
003 CZ PrSKC
005 20260601215714.0
007 ta
008 230510s2023 xr b g 000 f cze
015 |a cnb003486198 
020 |a 9788024950204  |q (vázáno) 
035 |a (OCoLC)1381700923 
040 |a ABG001  |b cze  |e rda 
041 1 |a cze  |h ger 
072 7 |a 821.112.2-3  |x Německá próza, německy psaná  |2 Konspekt 
080 |a 821.112.2-31  |2 MRF 
080 |a (0:82-31)  |2 MRF 
100 1 |a Lacrosse, Marie,  |d 1959-  |7 xx0251796  |4 aut 
240 1 0 |a Falscher Glanz.  |l Česky 
245 1 0 |a Kavárna ve Vídni.  |p Falešné pozlátko /  |c Marie Lacrosse ; z německého originálu Das Kaffeehaus - Falscher Glanz ... přeložil Rudolf Řežábek 
246 3 0 |a Falešné pozlátko 
250 |a Vydání první 
264 1 |a Praha :  |b Ikar,  |c 2023 
300 |a 566 stran :  |b mapy ;  |c 24 cm 
336 |a text  |b txt  |2 rdacontent 
337 |a bez média  |b n  |2 rdamedia 
338 |a svazek  |b nc  |2 rdacarrier 
520 2 |a V dalším pokračování rodinné ságy ze secesní Vídně se hlavní hrdinka Žofie stane dvorní dámou císařovny Sisi, bude muset přihlížet svatbě své lásky a sama pak prchá před sňatkem do kavárny svého strýce.  |b Vídeň, konec 19. století. Mladá Žofie z Werdenfelsu nastoupí na místo dvorní dámy císařovny Sisi. Prožívá z vnějšího pohledu fascinující, ale za kulisami nesmírně bigotní život u císařského dvora. A poté se také musí zúčastnit svatby své velké lásky Richarda s Amálií z Thurnu. Když se má i ona proti své vůli provdat za mnohem staršího šlechtice, uprchne z císařského dvora do kavárny svého nemocného strýce. Tam přebírá první úkoly spojené s pozicí provozní vedoucí. Nakladatelská anotace. 
655 7 |a německé romány  |7 fd132945  |2 czenas 
655 9 |a German fiction  |2 eczenas 
700 1 |a Řežábek, Rudolf,  |d 1944-  |7 ola2003198081  |4 trl 
765 1 |t Kaffeehaus 
787 0 8 |i Z cyklu:  |t Kavárna ve Vídni  |g 2 
856 4 1 |u https://www.bookport.cz/AccountSaml/SignIn/?idp=https%3A%2F%2Fshibboleth.nkp.cz%2Fidp%2Fshibboleth&returnUrl=/kniha/kavarna-ve-vidni-2-falesne-pozlatko-13337/  |y Plný text - pro registrované uživatele NK ČR  |4 N 
900 |a ABA001  |b 20 
928 9 |a Euromedia Group - Ikar 
044 |a xr 
910 |a RBIT002 
998 |d 375925  |a https://core.palmknihy.cz/api/books/375925/cover?ru2o1f  |b https://core.palmknihy.cz/api/books/375925/cover/400?ru2o1f  |c https://core.palmknihy.cz/api/books/375925/cover/50?ru2o1f  |e 2027-02-08  |g 568  |i 9788024950204  |j https://core.palmknihy.cz/api/books/375925/preview.epub  |l   |q 49  |r 1  |s https://www.palmknihy.cz/kniha/375925  |t ebook  |y 2023  |z 0  |v Kavárna ve Vídni  |w 2 
999 |d 311931